Multimedia and Web Technology (Record no. 7904)
[ view plain ]
| 000 -LEADER | |
|---|---|
| fixed length control field | 00342nam a2200145Ia 4500 |
| 003 - CONTROL NUMBER IDENTIFIER | |
| control field | OSt |
| 008 - FIXED-LENGTH DATA ELEMENTS--GENERAL INFORMATION | |
| fixed length control field | 191201s2009 xx 000 0 und d |
| 082 ## - DEWEY DECIMAL CLASSIFICATION NUMBER | |
| Classification number | 006.7 |
| Item number | BAM |
| 100 ## - MAIN ENTRY--PERSONAL NAME | |
| Personal name | BANGIA, Ramesh |
| 245 #0 - TITLE STATEMENT | |
| Title | Multimedia and Web Technology |
| 250 ## - EDITION STATEMENT | |
| Edition statement | Rep |
| 260 ## - PUBLICATION, DISTRIBUTION, ETC. (IMPRINT) | |
| Date of publication, distribution, etc | 2009 |
| Name of publisher, distributor, etc | Laxmi Publications |
| Place of publication, distribution, etc | New Delhi |
| 300 ## - PHYSICAL DESCRIPTION | |
| Extent | 878 |
| 942 ## - ADDED ENTRY ELEMENTS (KOHA) | |
| Source of classification or shelving scheme | Dewey Decimal Classification |
| Koha item type | Text Books |
| Withdrawn status | Lost status | Source of classification or shelving scheme | Damaged status | Not for loan | Collection code | Home library | Current library | Date acquired | Source of acquisition | Cost, normal purchase price | Bill Number | Total Checkouts | Full call number | Acc. no. / Barcode | Date last seen | Actual Cost, discounted price | Bill Date | Koha item type | Date last borrowed |
|---|---|---|---|---|---|---|---|---|---|---|---|---|---|---|---|---|---|---|---|
| Dewey Decimal Classification | BCA | PIET C-LIBRARY | PIET C-LIBRARY | 09/06/2013 | IBH, New Delhi | 450.00 | 10134 | 006.7 BAM | BC594 | 04/12/2019 | 324.00 | 09/06/2013 | Text Books | ||||||
| Dewey Decimal Classification | BCA | PIET C-LIBRARY | PIET C-LIBRARY | 09/06/2013 | IBH, New Delhi | 450.00 | 10134 | 006.7 BAM | BC595 | 04/12/2019 | 324.00 | 09/06/2013 | Text Books | ||||||
| Dewey Decimal Classification | BCA | PIET C-LIBRARY | PIET C-LIBRARY | 09/06/2013 | IBH, New Delhi | 450.00 | 10134 | 006.7 BAM | BC596 | 04/12/2019 | 324.00 | 09/06/2013 | Text Books | ||||||
| Dewey Decimal Classification | BCA | PIET C-LIBRARY | PIET C-LIBRARY | 09/06/2013 | IBH, New Delhi | 450.00 | 10134 | 006.7 BAM | BC597 | 04/12/2019 | 324.00 | 09/06/2013 | Text Books | ||||||
| Dewey Decimal Classification | BCA | PIET C-LIBRARY | PIET C-LIBRARY | 09/06/2013 | IBH, New Delhi | 450.00 | 10134 | 006.7 BAM | BC598 | 04/12/2019 | 324.00 | 09/06/2013 | Text Books | ||||||
| Dewey Decimal Classification | BCA | PIET C-LIBRARY | PIET C-LIBRARY | 09/06/2013 | IBH, New Delhi | 450.00 | 10134 | 006.7 BAM | BC599 | 04/12/2019 | 324.00 | 09/06/2013 | Text Books | ||||||
| Dewey Decimal Classification | BCA | PIET C-LIBRARY | PIET C-LIBRARY | 23/07/2014 | Orange Books International | 450.00 | 4540 | 006.7 BAM | BC936 | 04/12/2019 | 333.00 | 23/07/2014 | Text Books | ||||||
| Dewey Decimal Classification | BCA | PIET C-LIBRARY | PIET C-LIBRARY | 23/07/2014 | Orange Books International | 450.00 | 4540 | 1 | 006.7 BAM | BC937 | 13/06/2022 | 333.00 | 23/07/2014 | Text Books | 15/04/2022 | ||||
| Dewey Decimal Classification | BCA | PIET C-LIBRARY | PIET C-LIBRARY | 23/07/2014 | Orange Books International | 450.00 | 4540 | 006.7 BAM | BC938 | 04/12/2019 | 333.00 | 23/07/2014 | Text Books | ||||||
| Dewey Decimal Classification | BCA | PIET C-LIBRARY | PIET C-LIBRARY | 23/07/2014 | Orange Books International | 450.00 | 4540 | 006.7 BAM | BC939 | 04/12/2019 | 333.00 | 23/07/2014 | Text Books | ||||||
| Dewey Decimal Classification | BCA | PIET C-LIBRARY | PIET C-LIBRARY | 23/07/2014 | Orange Books International | 450.00 | 4540 | 1 | 006.7 BAM | BC940 | 30/11/2021 | 333.00 | 23/07/2014 | Text Books | 16/11/2021 | ||||
| Dewey Decimal Classification | BCA | PIET C-LIBRARY | PIET C-LIBRARY | 23/07/2014 | Orange Books International | 450.00 | 4540 | 006.7 BAM | BC941 | 04/12/2019 | 333.00 | 23/07/2014 | Text Books | ||||||
| Dewey Decimal Classification | BCA | PIET C-LIBRARY | PIET C-LIBRARY | 23/07/2014 | Orange Books International | 450.00 | 4540 | 1 | 006.7 BAM | BC942 | 10/05/2022 | 333.00 | 23/07/2014 | Text Books | 23/04/2022 | ||||
| Dewey Decimal Classification | BCA | PIET C-LIBRARY | PIET C-LIBRARY | 23/07/2014 | Orange Books International | 450.00 | 4540 | 006.7 BAM | BC943 | 04/12/2019 | 333.00 | 23/07/2014 | Text Books | ||||||
| Dewey Decimal Classification | BCA | PIET C-LIBRARY | PIET C-LIBRARY | 23/07/2014 | Orange Books International | 450.00 | 4540 | 006.7 BAM | BC944 | 04/12/2019 | 333.00 | 23/07/2014 | Text Books | ||||||
| Dewey Decimal Classification | BCA | PIET C-LIBRARY | PIET C-LIBRARY | 23/07/2014 | Orange Books International | 450.00 | 4540 | 1 | 006.7 BAM | BC945 | 10/12/2025 | 333.00 | 23/07/2014 | Text Books | 09/12/2025 |